Most Visited Countries by Maltese - Statistics

General Stats
  • This quiz has been taken 422 times
  • The average score is 5 of 5
Answer Stats
No.tourists Destination % Correct
122,678 Italy
99%
21,853 France
96%
17,895 Spain
96%
91,822 United Kingdom
93%
21,929 Germany
86%
No matching quizzes found
Score Distribution
Percent of People with Each Score
Percentile by Number Answered
Your Score History
You have not taken this quiz